| 000 | 01048cam a2200229 4500 | ||
|---|---|---|---|
| 001 | ABS67070 | ||
| 008 | 031002n2003 000 0 eng u | ||
| 035 | _a(Sirsi) u123831 | ||
| 100 | _aHarding, C. | ||
| 245 | 4 | _aThe end of innocence | |
| 260 | _c2003 | ||
| 490 |
_aBuilding _v268(8298) 5 September 2003, 33(1) |
||
| 520 | _aCritcises the government approach to pensions. Argues that there is a crisis in state and private pensions for several reasons including failure by the insurance industry to modernise its products and also over regulation by the government. In addition, the government has introduced regulations to prevent employers from winding up final salary schemes which added £300bn to the combined winding up deficit of UK final salary scheme employers. | ||
| 590 | _aABS | ||
| 650 | _aPENSIONS | ||
| 650 | _aPENSION SCHEMES | ||
| 650 | _aFINAL SALARY PENSION SCHEMES | ||
| 650 | _aINSURANCE INDUSTRY | ||
| 650 | _aPROPERTY INVESTMENT | ||
| 690 | _aMANAGEMENT-BUSINESS MANAGEMENT-FINANCIAL MANAGEMENT | ||
| 942 | _n0 | ||
| 999 |
_c73548 _d73548 |
||